[Event "WSCC 50 Open 2017"]
[Site "?"]
[Date "2017.11.09"]
[Round "3"]
[White "Granda Zuniga, Julio E"]
[Black "Jhunjhnuwala, Krishan"]
[Result "1-0"]
[WhiteElo "2650"]
[BlackElo "2340"]
[Annotator "TA"]
[PlyCount "97"]
[EventDate "2017.??.??"]
[EventType "swiss"]
[EventCountry "ITA"]
[SourceTitle "Acqui Terme"]

{[%evp 21,97,43,53,51,47,37,63,41,31,29,44,0,66,53,55,0,0,0,0,0,0,0,0,0,13,0,4,2,111,115,124,144,120,129,122,133,145,130,130,130,128,127,131,126,130,119,112,39,165,131,173,150,167,173,427,435,416,420,417,365,1042,1039,2173,2066,1540,5311,2434,1154,29976,29972,29979,29973,5222,791,29987,29988,29988,29986]} 1. c4 c5 2. Nc3 Nc6 3. g3 Nf6 4. Bg2 e6 5. Nf3 d5 6. cxd5 exd5 7. d4 Be7 8. O-O O-O 9. Be3 cxd4 10. Nxd4 Re8 11. Rc1 Bg4 12. h3 {D34: Tarrasch Defence: 6 g3 Nf6 7 Bg2 Be7} Be6 13. Qa4 Qd7 {[#]} 14. g4 $146 {White is slightly better.} ({Predecessor:} 14. Nxe6 fxe6 15. Rfd1 Rad8 16. Bg5 h6 17. Bxf6 Bxf6 18. Nxd5 exd5 19. Bxd5+ Qxd5 20. Rxd5 Rxd5 {1-0 (40) Buhmann,R (2532)-Florea,D (2310) Germany 2004}) 14... h6 15. Rfd1 a6 16. Rd2 b5 (16... Rac8 $11) 17. Qd1 $1 $14 {[#] And now Nxc6 would win.} Ne5 18. b3 (18. Bf4 $14 Ng6 19. e3) 18... Rac8 $11 19. Bf4 Ng6 20. Bg3 Bd6 21. Bxd6 Qxd6 22. e3 Nh4 23. Bh1 Qe5 24. Rdc2 $36 {[%mdl 2048] White has the initiative.} h5 (24... b4 $11 25. Nxe6 Rxc3 26. Rxc3 bxc3) 25. Nxe6 $16 fxe6 26. Nxd5 $1 Rxc2 27. Nxf6+ Qxf6 {[%csl Gc2][%cal Rf6f2] [#]} 28. Rxc2 Rd8 29. Rd2 Rxd2 30. Qxd2 hxg4 31. hxg4 Nf3+ 32. Bxf3 $1 Qxf3 {[%mdl 4096] Endgame KQ-KQ} 33. Qd4 Qe2 34. a3 (34. a4 $16) 34... Kf7 (34... Qc2 $14) 35. Kg2 Qc2 36. b4 Qc6+ 37. Kg3 g5 $2 (37... Kg6 {was called for.} 38. f4 Qc2) 38. Qd8 $18 Qc1 39. Qxg5 Qxa3 40. Qf4+ Ke7 $2 (40... Kg6 41. Qe5 Qxb4 42. Qxe6+ Kg7 43. Qxa6 Qc5) 41. g5 Qc1 42. Qf6+ Kd7 43. g6 Qg1+ 44. Kh4 a5 45. bxa5 {[%cal Bb4a5,Ba5a6][%mdl 32]} b4 46. a6 b3 47. g7 (47. a7 $142 Qh1+ 48. Kg5 Qg2+ 49. Kh6 Qh1+ 50. Kg7) 47... Qg2 48. Qf7+ Kd6 49. Qf8+ {Precision: White = 63%, Black = 39%.} 1-0

[Event "WSCC 50 Open 2017"]
[Site "?"]
[Date "2017.11.09"]
[Round "3"]
[White "Sturua, Zurab"]
[Black "Mantovani, Renzo"]
[Result "1-0"]
[WhiteElo "2536"]
[BlackElo "2307"]
[Annotator "TA"]
[PlyCount "44"]
[EventDate "2017.??.??"]
[EventType "swiss"]
[EventCountry "ITA"]
[SourceTitle "Acqui Terme"]

{[%evp 14,44,16,-1,20,24,31,0,8,20,25,13,11,16,8,2,30,7,20,20,39,43,33,0,470,471,474,466,466,450,766,767,940]} 1. d4 Nf6 2. c4 e6 3. g3 d5 4. Nf3 Be7 5. Bg2 O-O 6. Qc2 dxc4 7. Qxc4 a6 {E06: Katalanisch} 8. Ne5 {LiveBook: 5 Partien} (8. Qc2 c5 9. dxc5 Qa5+ 10. Bd2 Qxc5 11. Qxc5 Bxc5 12. Ne5 Nbd7 13. Nd3 Bd4 14. Bb4 Re8 15. Nd2 Ne5 16. Nxe5 Bxb2 {1-0 (115) Harikrishna,P (2755)-Aravindh,C (2500) Gibraltar 2016}) 8... Ra7 9. O-O $146 ({Vorgänger:} 9. Be3 Nd5 10. Bd2 b5 11. Qb3 c5 12. dxc5 Bxc5 13. O-O Qb6 14. Nd3 Bd4 15. e3 Nxe3 16. fxe3 Bxe3+ 17. Bxe3 Qxe3+ {0-1 (47) Carvalho,W (1952)-Rios Filho,H (2158) Rio de Janeiro 1987}) 9... b6 {Weiß hat minimalen Vorteil.} 10. Nd2 Bb7 11. Bxb7 Rxb7 12. Ndf3 c5 13. dxc5 Bxc5 14. Bg5 $36 {[%mdl 2048] Weiss hat Druck.} Rc7 {[#] Und ...Lxf2+! würde nun gewinnen.} 15. Rad1 Qe7 {Droht stark ...Lxf2+!} 16. Qf4 {Schwarz muss nun Sg4 beachten.} h6 17. Bh4 {Sg4 ist eine echte Drohung.} Bd6 $1 18. Rd2 Nc6 $2 {[%mdl 8192] [#]} (18... Nbd7 $11) 19. Bxf6 $1 $18 {Weiß steht klar auf Gewinn.} gxf6 20. Nxc6 Rxc6 21. Qxh6 Be5 (21... e5 $142 22. Nh4 Qe6) 22. Rfd1 Rfc8 {Precision: Weiß = 53%, Schwarz = 59%.} 1-0

[Event "WSCC 50 Open 2017"]
[Site "?"]
[Date "2017.11.09"]
[Round "3"]
[White "Prie, Eric"]
[Black "Larsen, Peter"]
[Result "1-0"]
[WhiteElo "2482"]
[BlackElo "2286"]
[Annotator "TA"]
[PlyCount "61"]
[EventDate "2017.??.??"]
[EventType "swiss"]
[EventCountry "ITA"]
[SourceTitle "Acqui Terme"]

{[%evp 9,61,0,16,10,32,-15,0,-7,-18,-15,0,0,0,0,0,0,0,0,0,0,25,0,0,0,0,0,34,22,107,115,105,114,101,105,104,103,125,123,123,122,120,116,118,121,138,146,506,496,484,472,463,454,755,740]} 1. d4 Nf6 2. Nf3 g6 3. Nc3 d5 4. Bf4 c6 5. e3 Qb6 {LiveBook: 5 Games} (5... Bg4 6. h3 Bxf3 7. Qxf3 Bg7 8. O-O-O b5 9. Kb1 b4 10. Ne2 Nbd7 11. g4 h5 12. Bg2 a5 13. Ng3 {½-½ (67) Nabaty,T (2644)-Zubov,A (2613) Palic 2016}) 6. a3 {D00: 1 d4 d5: Unusual lines} Bg7 7. Bd3 $146 ({Predecessor:} 7. Be2 O-O 8. b4 Nbd7 9. O-O Re8 10. Na4 Qd8 11. c4 Nb6 12. Nxb6 axb6 13. h3 {½-½ (24) Zugic,I (2440)-Goldenberg,D (2343) Montreal 2001}) 7... Bg4 8. h3 {The position is equal.} Bxf3 $1 9. Qxf3 Qxb2 10. Kd2 Qb6 $1 11. Rhb1 Qa5 12. Rxb7 Nbd7 13. Bc7 Nb6 {...0-0 is the strong threat.} 14. Rb1 {[%cal Rb1b6] [#] Black must now prevent R1xb6.} Nfd7 {[%cal Bf6d7,Bd7b6,Bb6a4][%mdl 32]} 15. Rb3 O-O 16. Bxb6 Nxb6 17. Rxe7 Na4 18. Qf4 $36 {[%mdl 2048] [#] aiming for Qc7. White has good play.} c5 (18... Nxc3 $11 {keeps the balance.} 19. Rxc3 c5) 19. Qc7 $16 Qxc7 20. Rxc7 c4 21. Nxa4 cxb3 22. cxb3 Rfc8 23. Rxc8+ Rxc8 {[%mdl 4096] Endgame KRB-KBN} 24. Nc3 Bf8 25. b4 {[%cal Bb3b4,Bb4a5,Ba5a6][%mdl 32]} ({But not} 25. Nxd5 $6 Bxa3 26. Bc4 Kg7 $14) 25... Rd8 26. Ba6 Kg7 27. Bb7 a5 $2 {[%mdl 8192]} (27... f5 $16 28. Kd3 (28. Bxd5 Kf6 $16) (28. Nxd5 Kf7 $16) 28... Bd6 29. Bxd5 (29. Nxd5 Kf7 $16) 29... Rb8) 28. bxa5 $18 {White is clearly winning.} Bd6 29. a6 Bb8 30. Nxd5 f5 (30... Kf8 $142 31. Nb4 Rd6) 31. Nb4 {Precision: White = 68%, Black = 31%.} 1-0

[Event "WSCC 50 Open 2017"]
[Site "?"]
[Date "2017.11.09"]
[Round "3"]
[White "Kalegin, Evgenij"]
[Black "Baimurzin, Aitkazy"]
[Result "1/2-1/2"]
[WhiteElo "2426"]
[BlackElo "2170"]
[Annotator "TA"]
[PlyCount "90"]
[EventDate "2017.??.??"]
[EventType "swiss"]
[EventCountry "ITA"]
[SourceTitle "Acqui Terme"]

{[%evp 9,90,20,29,20,51,29,75,76,98,105,108,120,135,118,142,150,167,157,204,68,78,32,69,69,58,64,70,83,83,96,99,0,0,0,125,114,191,133,96,0,0,0,0,12,50,-35,8,0,47,-72,-20,-83,-49,-225,-208,-199,-226,-214,-198,-236,-240,-239,-209,-279,-276,-287,0,0,0,0,0,0,0,0,39,46,79,0,0,0,0,0,0]} 1. e4 g6 2. d4 Bg7 3. Nc3 d6 4. h4 h5 5. Bc4 Nc6 (5... c6 6. Bb3 b5 7. Qf3 e6 8. e5 d5 9. Bg5 Qb6 10. Nge2 a5 11. a4 b4 12. Na2 Nd7 13. Nac1 {1-0 (44) Sergeyev,A (2389)-Megaranto,S (2532) Pardubice 2014}) 6. Nge2 {B06: Modern Defence} e5 {[%cal Re5d4]} 7. Be3 Nh6 $146 ({Predecessor:} 7... exd4 8. Nxd4 Nxd4 9. Bxd4 Bxd4 10. Qxd4 Qf6 11. Qxf6 Nxf6 12. Nb5 O-O 13. Nxc7 {1-0 (35) Baretic,D-Breen,W Bad Kuehlungsborn 1964}) 8. f3 {White is better.} O-O 9. Qd2 Kh7 10. O-O-O f5 11. Bg5 Qd7 12. dxe5 Nxe5 13. Bb3 b5 {[#]} 14. Nd4 (14. exf5 $1 $18 Nxf5 15. Nf4) 14... b4 $14 15. Nd5 {Threatens to win with exf5.} (15. Ncb5 $5 {[%cal Rb3e6]} Re8 16. f4 $16 (16. Qxb4 c5 $17)) 15... c5 16. exf5 gxf5 17. Ne6 $36 {[%mdl 2048] White has the initiative.} Qxe6 {[#]} 18. Nf6+ $1 {[%mdl 512] [#]} Qxf6 $1 (18... Rxf6 19. Bxe6) 19. Bxf6 Rxf6 {[#]} 20. Bd5 (20. f4 $1 $16 {[%cal Rf4e5]} Nc6 21. Bd5) 20... Rb8 $11 21. f4 Nd7 (21... Neg4 $11 {keeps the balance.}) 22. Rhe1 $16 Bf8 (22... Nb6 $16 {keeps fighting.}) 23. Qe2 (23. Re8 $18) 23... Nb6 24. Qxh5 (24. Bf3 $16) 24... Nxd5 $11 25. Rxd5 Bb7 26. Rd2 Rg6 27. Qe2 (27. Rde2 $14 Be4 28. Rxe4 fxe4 29. Qd5 (29. Rxe4 Rxg2 30. Re1 Rg6 $11)) 27... Be4 {[%mdl 1024] Black has compensation.} 28. Qa6 {aiming for Rxe4!} Rg7 29. Red1 (29. Rxe4 $1 $14 fxe4 30. Qc6) 29... Rd8 (29... Rb6 $17 30. Qc8 Be7) 30. h5 (30. Re2 $11 {remains equal.}) 30... d5 31. Re1 $2 (31. Qe6 $15) 31... Bd6 $19 32. Kb1 Bxf4 33. Rde2 Rdd7 34. Qb5 Bd6 35. Qc6 Ng4 36. Rd1 Ne5 37. Qa6 Rxg2 $2 ({Black should try} 37... Bxg2 $19 38. h6 Rg6) 38. Rxg2 $11 Bxg2 39. Rg1 Be4 40. Qc8 $1 {[%cal Rc8g8] White wants to mate with Qg8+.} Rg7 41. Rxg7+ Kxg7 42. Qe6 Nc4 43. Qg6+ (43. h6+ $16 Kh7 44. b3 Na3+ 45. Kb2) 43... Kh8 {The position is equal.} 44. Qh6+ Kg8 45. Qg6+ Kh8 {Precision: White = 34%, Black = 46%.} 1/2-1/2

[Event "WSCC 50 Open 2017"]
[Site "?"]
[Date "2017.11.09"]
[Round "3"]
[White "Reprintsev, Alexander"]
[Black "Vebic, Kasem"]
[Result "1-0"]
[WhiteElo "2361"]
[BlackElo "2118"]
[PlyCount "53"]
[EventDate "2017.??.??"]
[EventType "swiss"]
[EventCountry "ITA"]
[SourceTitle "Acqui Terme"]
[TimeControl "40/5400+30:1800+30"]
[WhiteClock "0:37:20"]
[BlackClock "0:00:51"]

1. e4 {[%emt 0:12:16]} Nf6 {[%emt 0:00:51]} 2. e5 {[%emt 0:01:45]} Nd5 {[%emt 0:00:13]} 3. c4 {[%emt 0:00:09]} Nb6 {[%emt 0:01:30]} 4. Nc3 {[%emt 0:00:42]} d6 {[%emt 0:01:51]} 5. exd6 {[%emt 0:00:53]} cxd6 {[%emt 0:00:21]} 6. d4 {[%emt 0:00:11]} Nc6 {[%emt 0:00:23]} 7. Be3 {[%emt 0:00:39]} Bf5 {[%emt 0:01:30]} 8. Nf3 {[%emt 0:00:58]} Qc8 {[%emt 0:02:11]} 9. d5 {[%emt 0:04:45]} Nb4 {[%emt 0:02:34]} 10. Nd4 {[%emt 0:00:16]} Bg6 {[%emt 0:00:53]} 11. a3 {[%emt 0:04:23]} Na6 {[%emt 0:00:50]} 12. Rc1 {[%emt 0:09:36]} Nc5 {[%emt 0:09:49]} 13. b4 {[%emt 0:01:49]} Ne4 {[%emt 0:01:07]} 14. Nxe4 {[%emt 0:05:53]} Bxe4 {[%emt 0:00:11]} 15. Nb5 {[%emt 0:00:06]} Qd8 {[%emt 0:16:34]} 16. Qd4 {[%emt 0:03:38]} Bf5 {[%emt 0:02:06]} 17. c5 {[%emt 0:00:44]} dxc5 {[%emt 0:19:09]} 18. Qe5 {[%emt 0:00:25]} Nxd5 {[%emt 0:09:32]} 19. Qxd5 {[%emt 0:04:05]} Qxd5 {[%emt 0:02:02]} 20. Nc7+ {[%emt 0:00:02]} Kd8 {[%emt 0:00:33]} 21. Nxd5 {[%emt 0:00:03]} e6 {[%emt 0:00:16]} 22. Bg5+ {[%emt 0:04:20]} f6 {[%emt 0:08:56]} 23. Nxf6 {[%emt 0:00:07]} h6 {[%emt 0:01:37]} 24. Bh4 {[%emt 0:00:35]} cxb4 {[%emt 0:05:04]} 25. g4 {[%emt 0:01:03]} Be7 {[%emt 0:09:48]} 26. gxf5 {[%emt 0:05:43]} gxf6 {[%emt 0:02:48]} 27. Bc4 {[%emt 0:01:04]} 1-0

[Event "WSCC 50 Open 2017"]
[Site "?"]
[Date "2017.11.09"]
[Round "3"]
[White "Petran, Peter"]
[Black "Vaglio Munoz, Jaime"]
[Result "1/2-1/2"]
[WhiteElo "2330"]
[BlackElo "2170"]
[PlyCount "110"]
[EventDate "2017.??.??"]
[EventType "swiss"]
[EventCountry "ITA"]
[SourceTitle "Acqui Terme"]
[TimeControl "40/5400+30:1800+30"]
[WhiteClock "0:26:40"]
[BlackClock "0:45:26"]

1. g3 {[%emt 0:03:18]} e5 {[%emt 0:00:04]} 2. c4 {[%emt 0:00:14]} Nf6 {[%emt 0:00:04]} 3. Bg2 {[%emt 0:00:06]} Bc5 {[%emt 0:00:04]} 4. Nc3 {[%emt 0:00:23]} O-O {[%emt 0:00:09]} 5. e3 {[%emt 0:00:20]} Re8 {[%emt 0:00:19]} 6. Nge2 {[%emt 0:00:28]} Nc6 {[%emt 0:00:58]} 7. d3 {[%emt 0:00:41]} d6 {[%emt 0:00:09]} 8. O-O {[%emt 0:00:15]} Bg4 {[%emt 0:00:14]} 9. h3 {[%emt 0:00:53]} Bf5 {[%emt 0:00:48]} 10. a3 {[%emt 0:03:28]} a5 {[%emt 0:00:03]} 11. Kh2 {[%emt 0:01:57]} h6 {[%emt 0:02:21]} 12. Rb1 {[%emt 0:06:15]} Qd7 {[%emt 0:00:17]} 13. Nd5 {[%emt 0:05:06]} Nxd5 {[%emt 0:00:27]} 14. cxd5 {[%emt 0:00:04]} Ne7 {[%emt 0:03:16]} 15. e4 {[%emt 0:02:50]} Bh7 {[%emt 0:01:18]} 16. f4 {[%emt 0:00:22]} c6 {[%emt 0:04:34]} 17. f5 {[%emt 0:06:24]} f6 {[%emt 0:06:35]} 18. b4 {[%emt 0:05:57]} axb4 {[%emt 0:00:05]} 19. axb4 {[%emt 0:00:04]} Bb6 {[%emt 0:00:12]} 20. dxc6 {[%emt 0:00:12]} bxc6 {[%emt 0:04:35]} 21. d4 {[%emt 0:02:05]} Red8 {[%emt 0:04:16]} 22. g4 {[%emt 0:02:25]} Qa7 {[%emt 0:00:54]} 23. Bb2 {[%emt 0:00:51]} Qa4 {[%emt 0:03:19]} 24. Qd2 {[%emt 0:01:15]} Rab8 {[%emt 0:13:40]} 25. Rfd1 {[%emt 0:09:09]} Bc7 {[%emt 0:00:27]} 26. Bc3 {[%emt 0:06:02]} Kf8 {[%emt 0:00:13]} 27. Kh1 {[%emt 0:01:48]} Bg8 {[%emt 0:00:08]} 28. d5 {[%emt 0:02:09]} Qb5 {[%emt 0:02:06]} 29. Ng3 {[%emt 0:00:45]} Bf7 {[%emt 0:02:43]} 30. Rbc1 {[%emt 0:04:37]} Ra8 {[%emt 0:00:27]} 31. Bf1 {[%emt 0:05:00]} Qb6 {[%emt 0:03:39]} 32. Bg2 {[%emt 0:02:08]} Ra3 {[%emt 0:00:23]} 33. Ra1 {[%emt 0:01:42]} Rda8 {[%emt 0:02:01]} 34. Rxa3 {[%emt 0:01:48]} Rxa3 {[%emt 0:00:02]} 35. Qb2 {[%emt 0:03:29]} Qa7 {[%emt 0:00:46]} 36. dxc6 {[%emt 0:00:42]} Nxc6 {[%emt 0:08:05]} 37. Ra1 {[%emt 0:10:40]} Rxa1+ {[%emt 0:00:19]} 38. Qxa1 {[%emt 0:00:02]} Qxa1+ {[%emt 0:00:27]} 39. Bxa1 {[%emt 0:00:02]} Nxb4 {[%emt 0:00:09]} 40. Bc3 {[%emt 0:00:06]} Nd3 {[%emt 0:31:14]} 41. Bf1 {[%emt 0:30:53]} Nc5 {[%emt 0:00:25]} 42. Bb4 {[%emt 0:02:39]} Bb6 {[%emt 0:00:23]} 43. Bb5 {[%emt 0:02:00]} Bb3 {[%emt 0:00:30]} 44. Bc6 {[%emt 0:01:35]} Bc4 {[%emt 0:08:11]} 45. Kg2 {[%emt 0:00:22]} Bc7 {[%emt 0:02:34]} 46. Kf3 {[%emt 0:01:34]} Na6 {[%emt 0:00:25]} 47. Ba3 {[%emt 0:00:56]} Nb8 {[%emt 0:00:09]} 48. Bb7 {[%emt 0:05:00]} Nd7 {[%emt 0:00:50]} 49. Ne2 {[%emt 0:00:00]} Bxe2+ {[%emt 0:00:00]} 50. Kxe2 {[%emt 0:00:00]} Ke7 {[%emt 0:00:00]} 51. Bc6 {[%emt 0:00:00]} Nb6 {[%emt 0:00:00]} 52. Kd3 {[%emt 0:00:00]} Bb8 {[%emt 0:00:00]} 53. Bb4 {[%emt 0:00:00]} Nc8 {[%emt 0:00:00]} 54. Ba5 {[%emt 0:00:00]} Na7 {[%emt 0:00:00]} 55. Ba4 {[%emt 0:00:00]} Nc8 {[%emt 0:00:00]} 1/2-1/2

[Event "WSCC 50 Open 2017"]
[Site "?"]
[Date "2017.11.09"]
[Round "3"]
[White "Certek, Pavel"]
[Black "Verrascina, Roberto"]
[Result "1-0"]
[WhiteElo "2295"]
[BlackElo "2152"]
[PlyCount "101"]
[EventDate "2017.??.??"]
[EventType "swiss"]
[EventCountry "ITA"]
[SourceTitle "Acqui Terme"]
[TimeControl "40/5400+30:1800+30"]

1. d4 g6 2. Nf3 Bg7 3. g3 Nf6 4. Bg2 O-O 5. O-O d6 6. b3 e5 7. dxe5 Ng4 8. Bb2 Nd7 9. Qd2 Ngxe5 10. Nxe5 Nxe5 11. c4 Qe7 12. Nc3 c6 13. Rad1 Rd8 14. Ba3 Bf8 15. Ne4 Bf5 16. Nxd6 Qe6 17. c5 Rd7 18. f4 Ng4 19. e4 Bxe4 20. Bxe4 Bxd6 21. cxd6 Qxe4 22. Rde1 Qf5 23. h3 Nf6 24. Kh2 Re8 25. g4 Qd5 26. Qxd5 cxd5 27. Rxe8+ Nxe8 28. Rd1 f6 29. Rxd5 Kf7 30. f5 Ng7 31. Kg3 Ne8 32. Kf4 Ng7 33. Ra5 a6 34. Rd5 Ne8 35. Ke4 Kg7 36. Rd2 Kf7 37. Rd3 Ng7 38. Rc3 Ne8 39. Rc8 Ng7 40. Rh8 h5 41. Rh6 gxf5+ 42. gxf5 Rd8 43. Kf4 b5 44. Bc5 Ne8 45. Rxh5 Nxd6 46. Rh7+ Kg8 47. Ra7 b4 48. Rxa6 Nb7 49. Be7 Rd4+ 50. Ke3 Rh4 51. Ra7 1-0

[Event "WSCC 50 Open 2017"]
[Site "?"]
[Date "2017.11.09"]
[Round "3"]
[White "Prasad, Devaki V"]
[Black "Antonio, Rogelio Jr"]
[Result "1/2-1/2"]
[WhiteElo "2290"]
[BlackElo "2431"]
[Annotator "TA"]
[PlyCount "52"]
[EventDate "2017.??.??"]
[EventType "swiss"]
[EventCountry "ITA"]
[SourceTitle "Acqui Terme"]

{[%evp 14,52,0,-32,22,16,16,18,20,17,20,20,25,20,62,53,64,68,62,64,77,77,80,74,84,89,107,111,105,110,108,118,122,120,146,70,89,-1416,194,99,178]} 1. e4 {[%cal Be2e4,Be4e5][%mdl 32]} c6 2. d4 d5 3. e5 Bf5 4. h4 Qb6 5. Nc3 h5 6. Nge2 {B12: Caro-Kann: Advance Variation} (6. b3 e6 7. Na4 Qc7 8. Be3 Nd7 9. c3 Ba3 10. b4 b5 11. Qb3 a5 12. Qxa3 axb4 13. cxb4 Rxa4 {½-½ (34) Agdestein,S (2603)-Burmakin,V (2549) Helsingor 2016}) 6... e6 7. Ng3 Bg6 8. Be2 {[%cal Rg3h5] LiveBook: 4 Games. The position is equal.} Ne7 (8... c5 $15) 9. Na4 $11 ({Don't play} 9. Nxh5 Nf5 $15) (9. Bxh5 Bxh5 10. Nxh5 Nf5 $15) 9... Qa5+ 10. c3 Nf5 11. Nxf5 Bxf5 12. b4 {[%cal Bb2b4,Bb4b5][%mdl 32]} Qc7 $146 ({Predecessor:} 12... Qd8 13. Bg5 Be7 14. Bxe7 Qxe7 15. Bxh5 {1-0 (48) Mohr,G (2420)-Sitnik,I (2215) Portoroz 1994}) 13. Bg5 (13. Bxh5 a5 $17) 13... a5 14. b5 $36 {[%mdl 2048] White fights for an advantage.} Nd7 15. O-O Be7 16. Bxe7 Kxe7 17. bxc6 bxc6 18. c4 ({Reject} 18. Bxh5 g6 $15) 18... dxc4 19. Rc1 Nb6 20. Nxb6 Qxb6 21. Rxc4 Be4 22. Qc1 Bd5 23. Qa3+ Ke8 24. Rc2 ({White should try} 24. Rc5 $16) 24... Qb4 25. Rc5 $2 {[%mdl 8192] [#]} (25. Qe3 $16) 25... Qb6 $4 {[%mdl 8192]} (25... Qxa3 $19 {and all is fine.} 26. Bc4 Bxc4 27. Rxc4 Qxa2) 26. Qe3 ({White should play} 26. Rfc1 $18) 26... Qb4 {Precision: White = 52%, Black = 30%.} (26... Kf8 $16 {keeps fighting.}) 1/2-1/2

[Event "WSCC 50 Open 2017"]
[Site "?"]
[Date "2017.11.09"]
[Round "3"]
[White "Luciani, Carlo"]
[Black "Bischoff, Klaus"]
[Result "0-1"]
[WhiteElo "2232"]
[BlackElo "2513"]
[Annotator "TA"]
[PlyCount "64"]
[EventDate "2017.??.??"]
[EventType "swiss"]
[EventCountry "ITA"]
[SourceTitle "Acqui Terme"]

{[%evp 15,64,19,45,0,0,-18,4,-53,-27,-94,-84,-116,-108,-170,-151,-167,-150,-142,-139,-212,-143,-292,-214,-381,-380,-334,-389,-347,-106,-97,-102,-104,-107,-161,-173,-399,-235,-330,-181,-177,-183,-304,-266,-349,-353,-348,-344,-2214,-1960,-2559,-2474]} 1. e4 c5 2. Nf3 e6 3. d4 cxd4 4. Nxd4 a6 5. Nc3 Qc7 6. Bd3 Nf6 7. Qe2 d6 8. f4 g6 {LiveBook: 24 Partien. B82: Sizilianisch (Scheveninger System)} (8... Nbd7 9. Bd2 g6 10. Bc4 b5 11. Bxe6 fxe6 12. Nxe6 Qb7 13. e5 dxe5 14. fxe5 Nh5 15. Nd5 Nc5 16. Nec7+ Kf7 17. g4 Ne6 18. Rf1+ Kg8 19. Qf3 Nhf4 20. Bxf4 Nxc7 21. Bh6 {1-0 (21) Mamedov,R (2678)-Kveinys,A (2535) Antalya 2017}) 9. Bd2 Bg7 10. Nf3 Nc6 {Die Stellung ist ausgeglichen.} 11. O-O-O (11. O-O $11) 11... b5 $146 {[%cal Bb7b5,Bb5b4][%mdl 32]} ({Vorgänger:} 11... O-O 12. Kb1 b5 13. Rhe1 Bb7 14. Qf2 Nb4 15. Qh4 Nxd3 16. cxd3 b4 17. Ne2 Nxe4 18. dxe4 Bxe4+ 19. Ka1 Bxb2+ 20. Kxb2 Qc2+ 21. Ka1 Bd5 22. Nc1 Bxa2 {0-1 (22) Duque Sanchez,D-Torres,J (2206) Ibague 2011}) 12. Rhg1 (12. Kb1 $11 {bleibt in der Remisbreite.}) 12... Nd7 $17 13. Rde1 O-O 14. g4 (14. Kb1 $17) 14... Nc5 $19 15. Kb1 b4 $1 {[%cal Rb4c3]} 16. Nd1 a5 {[%cal Ba6a5,Ba5a4,Ba4b3][%mdl 32]} 17. Bc4 (17. f5 $17) 17... a4 18. Nf2 (18. f5 $17) 18... Bb7 19. g5 $2 (19. Rc1 {kämpft weiter.}) 19... b3 20. cxb3 axb3 21. a3 Nd4 $2 (21... Na4 $19 {ist viel giftiger.} 22. e5 {[#]} Nxe5 $1 {[%mdl 512]} 23. Nxe5 dxe5 24. fxe5 Bf3 $1 {[%mdl 512]} 25. Qxf3 Qxc4) 22. Nxd4 $17 Bxd4 23. Be3 Bg7 ({Viel schlechter ist} 23... Nxe4 $6 24. Bxd4 Qxc4 25. Qxc4 $11) 24. Rc1 (24. Bxc5 $17 Qxc5 25. Rg3) 24... Nxe4 25. Ng4 $2 (25. Bd3 {war nötig.} Nc5 26. Ne4) 25... Qa5 (25... Rxa3 $142 {( -> ...Ta1+!)} 26. bxa3 Ra8 27. Nf6+ Nxf6) 26. Rgd1 (26. Bd3 $142) 26... Qf5 (26... Rfc8 $142 {Weiss muss nun ...Txc4! beachten.} 27. Bd3 Bd5 28. Rxc8+ Rxc8) 27. Bd3 $19 {[#]} Ba6 $1 {[%mdl 512]} 28. Bd4 (28. Nh6+ $142 Bxh6 29. gxh6) (28. Bxa6 Nc3+) 28... Bxd3+ ({Nicht} 28... Qxf4 29. Bxa6 Rxa6 30. Bxg7 $17) 29. Rxd3 {und die Idee Se3 ließe Weiss weiter hoffen.} Nc5 30. Bxc5 dxc5 31. Nf6+ $2 (31. Ne3 Qe4 32. Rc4) 31... Bxf6 32. gxf6 Rfd8 {Precision: Weiß =  8%, Schwarz = 56%.} 0-1